Tuyển tập văn chương 2 : Truyện ngắn Mỹ hiện đại . văn, nghiên cứu, phê bình : Tuyển tập thơ /

Đã lưu trong:
书目详细资料
主要作者: Dương Đình Hùng
其他作者: ..., Hồ Anh Thái, Mai Sơn
格式: Sách giấy
语言:Vietnamese
出版: Hà Nội : Thanh niên , 2000
标签: 添加标签
没有标签, 成为第一个标记此记录!
Thư viện lưu trữ: Thư viện Trường Đại học Đà Lạt
LEADER 00785nam a2200289 4500
001 DLU020014863
005 ##7/8/2000
020 # # |a 978- 
041 # # |a vie 
082 # # |a 810  |b Tuy 
090 # # |a 810  |b Tuy 
100 # # |a Dương Đình Hùng 
245 # # |a Tuyển tập văn chương 2 :  |b Truyện ngắn Mỹ hiện đại .  |n văn, nghiên cứu, phê bình :  |p Tuyển tập thơ /  |c Hùng Dương Đình, Thái Hồ Anh, Sơn Mai, ...  
260 # # |a Hà Nội :  |b Thanh niên ,  |c 2000 
300 # # |a 160 tr.;   |c 20 cm. 
700 # # |a ..., 
700 # # |a Hồ Anh Thái 
700 # # |a Mai Sơn 
992 # # |a 10000 
994 # # |a DLU 
900 # # |a False 
911 # # |a Administrator 
925 # # |a G 
926 # # |a A 
927 # # |a SH 
980 # # |a Thư viện Trường Đại học Đà Lạt